| 000 | 00342nam a2200133Ia 4500 | ||
|---|---|---|---|
| 005 | 20251222143236.0 | ||
| 008 | 251222s9999||||xx |||||||||||||| ||spa|| | ||
| 020 | _a978-603-4002-86-9 | ||
| 082 | _a343.043/B17 | ||
| 100 | _aBaldeón Güere, Norma | ||
| 245 | 0 | _aInfracciones y Delitos Tributarios | |
| 264 | _bGaceta Jurídica | ||
| 942 | _cLIB | ||
| 999 |
_c14376 _d14376 |
||